| 000 | 00690cam a22001812 4500 | ||
|---|---|---|---|
| 001 | 0000023438 | ||
| 005 | 20151217161557.0 | ||
| 008 | 121129s xx 000 0 eng d | ||
| 100 | 1 |
_aBore Kipkenei Emmanuel. _@0000182826 |
|
| 245 | 1 | 0 |
_aEffect of strategic leadership and governance on performance of youth enterprise development fund : _ba case of Baringo central district / _cBore Kipkenei Emmanuel. |
| 260 |
_aNakuru : _bKabarak University, _c2012. |
||
| 300 |
_axi, 55 leaves + _e1 CD-ROM. |
||
| 502 | _aThesis (MBA) - Kabarak University, 2012. | ||
| 650 | 0 |
_aLeadership. _@0000150687 |
|
| 908 | _a121129 | ||
| 950 | _@1 | ||
| 999 |
_c15375 _d15375 |
||